Normal view
MARC view
Entry Topical Term
001 - CONTROL NUMBER
- control field: 15986
003 - CONTROL NUMBER IDENTIFIER
- control field: BD-RjUL
005 - DATE AND TIME OF LATEST TRANSACTION
- control field: 20250710162506.0
008 - FIXED-LENGTH DATA ELEMENTS
- fixed length control field: 250710|| aca||aabn | a|a d
040 ## - CATALOGING SOURCE
- Original cataloging agency: BD-RjUL
- Transcribing agency: BD-RjUL
150 ## - HEADING--TOPICAL TERM
- Topical term or geographic name entry element: Atheletes
- Form subdivision: Male
- Geographic subdivision: Bangladesh
670 ## - SOURCE DATA FOUND
- Source citation: Work cat.: (BD-RjUL)85177: Mawala, Abul Hasnat Mohammad Rakibul 15985, Multivarriate analysis of performance potentials of the Bangladeshi adolescent male atheletes /, 2023